000
00194 a2200097 4500
001
27967
100
_a
Glassman
245
_a
Combustion
260
_a
_b
Academic Press
_c
090
_c
18675
_d
18675
942
_a
NUST-CAE
_c
M
_c
9641
999
_c
263040
_d
263040